000 00437nam a2200181Ia 4500
008 210210b1932 xxu||||| |||| 00| 0 eng d
041 _aeng
082 _a330/6
100 _aAKERMAN (J)
245 _aEconomic progress and economic crisis
260 _aLondon
_bMacmillan & Co. Ltd.
_c1932
650 _aprogress
650 _aEconomic
650 _acrisis
650 _aand
690 _aEconomic Development
906 _a003410
999 _c118640
_d118640